Grupos de Seis #1 - Estadísticas

Estadísticas generales
  • Esta prueba ha sido intentada 15.204 veces
  • La puntuación promedio es 30 de 48
Estadísticas de respuestas
Grupo Respuesta % Correcto
Los miembros fundadores de la UE Alemania
94%
Los miembros fundadores de la UE Francia
94%
Las piezas de ajedrez Reina
93%
Las piezas de ajedrez Rey
93%
Las piezas de ajedrez Caballo
92%
Las piezas de ajedrez Peón
91%
Las piezas de ajedrez Torre
90%
Los miembros fundadores de la UE Italia
89%
Las piezas de ajedrez Alfil
87%
Los miembros fundadores de la UE Bélgica
82%
Las categorías del Premio Nobel Paz
80%
Los miembros fundadores de la UE Países Bajos
79%
Los países del mar Negro Rusia
79%
Los países con un punto cardinal en su nombre Corea del Norte
75%
Los países con un punto cardinal en su nombre Corea del Sur
75%
Las categorías del Premio Nobel Literatura
75%
Los países del mar Negro Turquía
73%
Las categorías del Premio Nobel Física
72%
Los países del mar Negro Ucrania
71%
Los países con un punto cardinal en su nombre Sudán del Sur
70%
Las categorías del Premio Nobel Química
69%
Los gases nobles Helio
69%
Las capitales mundiales que comienzan con R Roma
68%
Las ciudades de las Grandes Maratones Nueva York
65%
Los países del mar Negro Rumania
64%
Los países del mar Negro Georgia
62%
Los miembros fundadores de la UE Luxemburgo
61%
Los países del mar Negro Bulgaria
60%
Los países con un punto cardinal en su nombre Macedonia del Norte
58%
Los gases nobles Neón
57%
Los gases nobles Xenón
55%
Las ciudades de las Grandes Maratones Londres
53%
Los gases nobles Argón
52%
Las categorías del Premio Nobel Fisiología / Medicina
49%
Los gases nobles Radón
47%
Las capitales mundiales que comienzan con R Reikiavik
46%
Los países con un punto cardinal en su nombre Sudáfrica
46%
Las ciudades de las Grandes Maratones Berlín
45%
Las capitales mundiales que comienzan con R Riga
43%
Los gases nobles Kriptón
42%
Los países con un punto cardinal en su nombre Timor Oriental
42%
Las ciudades de las Grandes Maratones Boston
39%
Las ciudades de las Grandes Maratones Tokio
36%
Las capitales mundiales que comienzan con R Rabat
34%
Las categorías del Premio Nobel Economía
33%
Las capitales mundiales que comienzan con R Riad
30%
Las ciudades de las Grandes Maratones Chicago
27%
Las capitales mundiales que comienzan con R Roseau
11%
No se encontraron pruebas coincidentes
Distribución de puntuación
Porcentaje de gente con cada puntuación
Porcentaje por número respondido
Historial de tus puntuaciones
No has intentado esta prueba.